<?xml version="1.0" encoding="UTF-8"?>
<record
    xmlns:xsi="http://www.w3.org/2001/XMLSchema-instance"
    xsi:schemaLocation="http://www.loc.gov/MARC21/slim http://www.loc.gov/standards/marcxml/schema/MARC21slim.xsd"
    xmlns="http://www.loc.gov/MARC21/slim">

  <leader>03077nam a2200301   4500</leader>
  <controlfield tag="003">OSt</controlfield>
  <controlfield tag="005">20240910113204.0</controlfield>
  <controlfield tag="007">cr ||||||a|c|a</controlfield>
  <controlfield tag="008">230703s2022    mx a|||fom||| 001 0 spa d</controlfield>
  <datafield tag="040" ind1=" " ind2=" ">
    <subfield code="e">rda</subfield>
  </datafield>
  <datafield tag="100" ind1="1" ind2=" ">
    <subfield code="9">136493</subfield>
    <subfield code="a">Jos&#xE9; Jes&#xFA;s, Lucio de</subfield>
  </datafield>
  <datafield tag="245" ind1="1" ind2="0">
    <subfield code="a">Estrategia comercial para la producci&#xF3;n de caf&#xE9; en Santa Mar&#xED;a Tepantlali Mixe, Oaxaca /</subfield>
    <subfield code="c">por Lucio Jos&#xE9; de Jes&#xFA;s ; director de tesis Enrique Genaro Mart&#xED;nez Gonz&#xE1;lez.</subfield>
  </datafield>
  <datafield tag="264" ind1=" " ind2="1">
    <subfield code="a">Chapingo, M&#xE9;xico :</subfield>
    <subfield code="b">El autor,</subfield>
    <subfield code="c">2022.</subfield>
  </datafield>
  <datafield tag="300" ind1=" " ind2=" ">
    <subfield code="a">1 recurso en l&#xED;nea ( 104 p&#xE1;ginas).</subfield>
    <subfield code="b">cuadros, figuras.</subfield>
  </datafield>
  <datafield tag="336" ind1=" " ind2=" ">
    <subfield code="2">rdacontent</subfield>
    <subfield code="a">texto</subfield>
    <subfield code="b">txt</subfield>
  </datafield>
  <datafield tag="337" ind1=" " ind2=" ">
    <subfield code="2">rdamedia</subfield>
    <subfield code="a">computadora</subfield>
    <subfield code="b">c</subfield>
  </datafield>
  <datafield tag="338" ind1=" " ind2=" ">
    <subfield code="2">rdacarrier</subfield>
    <subfield code="a">recurso en l&#xED;nea</subfield>
    <subfield code="b">cr</subfield>
  </datafield>
  <datafield tag="502" ind1=" " ind2=" ">
    <subfield code="b">MEA</subfield>
    <subfield code="c">CIESTAAM</subfield>
    <subfield code="d">2022.</subfield>
    <subfield code="g">MAE</subfield>
  </datafield>
  <datafield tag="504" ind1=" " ind2=" ">
    <subfield code="a">Incluye referencias bibliogr&#xE1;ficas: p&#xE1;ginas 92-97.</subfield>
  </datafield>
  <datafield tag="520" ind1=" " ind2=" ">
    <subfield code="a">En Santa Mar&#xED;a Tepantlali, Oaxaca, se produce caf&#xE9; desde 1990, aplicando conocimientos b&#xE1;sicos que inciden en el rendimiento y calidad del producto. El objetivo de la investigaci&#xF3;n fue analizar la situaci&#xF3;n actual de la producci&#xF3;n y comercializaci&#xF3;n de caf&#xE9;, para proponer una estrategia de mejora que contribuya a incrementar las utilidades de los actores involucrados. Se entrevistaron a 37 actores clave para el an&#xE1;lisis de la red de valor y su entorno; as&#xED; como a 62 productores para analizar la adopci&#xF3;n de innovaciones y su red comercial. La informaci&#xF3;n se analiz&#xF3; con estad&#xED;stica descriptiva y el uso de herramientas como: &#xE1;rbol de problemas, red de valor, modelo de negocios e indicadores de rentabilidad. Los resultados indican que la red de valor esta desarticulada, los productores tienen en promedio 51 a&#xF1;os de edad, llevan a cabo la actividad en una superficie de 1.14 hect&#xE1;reas, con un rendimiento de 4.77 quintales por hect&#xE1;rea. El &#xED;ndice de adopci&#xF3;n de innovaciones promedio fue de 0.36, muestra que en general los productores adoptan pocas innovaciones. La red comercial est&#xE1; formada por 68 nodos con una densidad del 1.5%, que al ser muy baja indica que la comercializaci&#xF3;n se centr&#xF3; en pocos actores. Se identific&#xF3; como problema principal la baja rentabilidad provocada por los bajos precios, calidad heterog&#xE9;nea del producto, bajos rendimientos y la poca participaci&#xF3;n del productor en la transformaci&#xF3;n del caf&#xE9;. Se propone fortalecer el centro de acopio, mediante la industrializaci&#xF3;n del proceso de transformaci&#xF3;n de caf&#xE9; y desarrollar capacidades t&#xE9;cnicas en los productores. La evaluaci&#xF3;n del proyecto del centro de transformaci&#xF3;n de caf&#xE9; result&#xF3; ser factible y rentable, con impactos que se reflejar&#xE1;n a partir del tercer a&#xF1;o de operaci&#xF3;n.</subfield>
  </datafield>
  <datafield tag="650" ind1=" " ind2="4">
    <subfield code="9">17114</subfield>
    <subfield code="a">Caf&#xE9;</subfield>
    <subfield code="x">Calidad</subfield>
  </datafield>
  <datafield tag="650" ind1=" " ind2="4">
    <subfield code="9">135366</subfield>
    <subfield code="a">Caf&#xE9;</subfield>
    <subfield code="x">Redes de valor</subfield>
  </datafield>
  <datafield tag="650" ind1=" " ind2="4">
    <subfield code="9">132165</subfield>
    <subfield code="a">Cafeticultores</subfield>
    <subfield code="x">Aspectos econ&#xF3;micos</subfield>
  </datafield>
  <datafield tag="650" ind1=" " ind2="4">
    <subfield code="9">134045</subfield>
    <subfield code="a">Organizaci&#xF3;n de productores</subfield>
    <subfield code="x">Capacitaci&#xF3;n</subfield>
  </datafield>
  <datafield tag="700" ind1="1" ind2=" ">
    <subfield code="9">72090</subfield>
    <subfield code="a">Mart&#xED;nez Gonz&#xE1;lez, Enrique Genaro</subfield>
    <subfield code="e">Director de tesis.</subfield>
  </datafield>
  <datafield tag="856" ind1=" " ind2=" ">
    <subfield code="u">http://10.13.5.2/tesis/tm/1913323-1_LUCIO_JOSE_DE_JESUS.pdf</subfield>
    <subfield code="z">DESCARGAR PDF</subfield>
  </datafield>
  <datafield tag="942" ind1=" " ind2=" ">
    <subfield code="2">Clasificaci&#xF3;n Universidad Aut&#xF3;noma Chapingo</subfield>
    <subfield code="c">TD</subfield>
  </datafield>
  <datafield tag="999" ind1=" " ind2=" ">
    <subfield code="c">218995</subfield>
    <subfield code="d">218995</subfield>
  </datafield>
  <datafield tag="952" ind1=" " ind2=" ">
    <subfield code="0">0</subfield>
    <subfield code="1">0</subfield>
    <subfield code="2">local</subfield>
    <subfield code="4">0</subfield>
    <subfield code="5">1</subfield>
    <subfield code="7">0</subfield>
    <subfield code="8">TesDigM</subfield>
    <subfield code="a">BD</subfield>
    <subfield code="b">BD</subfield>
    <subfield code="c">E_L</subfield>
    <subfield code="d">2023-07-03</subfield>
    <subfield code="l">0</subfield>
    <subfield code="o">Tesis digital</subfield>
    <subfield code="r">2023-07-03 00:00:00</subfield>
    <subfield code="w">2023-07-03</subfield>
    <subfield code="y">TD</subfield>
  </datafield>
</record>
